| 000 | 00851cam a22002893a 4500 | ||
|---|---|---|---|
| 001 | 16403564 | ||
| 003 | NUST | ||
| 005 | 20220509102632.0 | ||
| 008 | 880412s1988 nyu 000 1 eng d | ||
| 010 | _a 00520742 | ||
| 020 |
_a0671637797 (pbk.) : _c$3.95 |
||
| 035 | _a(OCoLC)ocm17781285 | ||
| 038 | _aArshad | ||
| 040 |
_aMNL _cMNL _dGZS _dJBL _dOCLCQ _dDLC |
||
| 050 | 0 | 0 | _aCPB Box no. 1702 vol. 3 |
| 082 |
_a813.54 _bMCN |
||
| 100 | 1 |
_aMcNaught, Judith. _991306 |
|
| 245 | 1 | 0 |
_aSomething wonderful / _cJudith McNaught. |
| 260 |
_aNew York : _bPocket, _c1988. |
||
| 300 |
_a418 p. ; _c18 cm. |
||
| 563 | _aPBK | ||
| 655 | 7 |
_aLove stories. _2gsafd |
|
| 655 | 7 |
_aHistorical fiction. _2gsafd |
|
| 710 | 2 |
_aCopyright Paperback Collection (Library of Congress) _5DLC |
|
| 906 |
_a7 _bcbc _ccopycat _d2 _encip _f20 _gy-genrareb |
||
| 942 |
_2ddc _cBK |
||
| 999 |
_c589500 _d589500 |
||